Top 15 dei paesi con decessi Covid-19 - 10 mag 2021 - Statistics

Statistiche generali
  • Questo quiz è stato fatto 5 volte
  • Il punteggio medio è 14 su 24
Statistiche sulle risposte
paese % Corretto
Brasile
100%
Francia
100%
Germania
100%
India
100%
Italia
100%
Messico
100%
Russia
100%
Spagna
100%
Stati Uniti
100%
Polonia
75%
Regno Unito
75%
Belgio
50%
Iran
50%
Perù
50%
Ungheria
50%
Argentina
25%
Bosnia ed Erzegovina
25%
Bulgaria
25%
Colombia
25%
Croazia
25%
Cechia
0%
Macedonia del Nord
0%
Slovacchia
0%
Slovenia
0%
Nessun quiz corrispondente trovato
Distribuzione punteggi
Percentuale di utenti per punteggio
Percentile per numero di risposta
I tuoi punteggi nel tempo
Non hai fatto questo quiz